| Tag |
First Indicator |
Second Indicator |
Subfields |
| LEADER |
00000pam a2200000 i 4500 |
| 001 |
in00000045903 |
| 005 |
20151007075339.0 |
| 008 |
790807s1979 nyu b 00110 eng |
| 010 |
|
|
|a 79018221
|
| 020 |
|
|
|a 0871313049 :
|c $9.95
|
| 035 |
|
|
|a (OCoLC)05310856
|
| 035 |
|
|
|9 AAF3055AM
|
| 040 |
|
|
|a DLC
|c DLC
|d TXA
|d UtOrBLW
|
| 049 |
|
|
|a TXAM
|c [1160390]
|
| 050 |
0 |
0 |
|a RM237.85
|b .C66
|
| 082 |
0 |
|
|a 641.5/635
|
| 100 |
1 |
|
|a Cooper, J. T.
|q (James Thomas),
|d 1935-
|
| 245 |
1 |
4 |
|a The fabulous fructose recipe book /
|c by J. T. Cooper and Jeanne Jones.
|
| 264 |
|
1 |
|a New York :
|b M. Evans,
|c [1979]
|
| 264 |
|
4 |
|c ©1979
|
| 300 |
|
|
|a 261 pages ;
|c 22 cm.
|
| 336 |
|
|
|a text
|b txt
|2 rdacontent
|
| 337 |
|
|
|a unmediated
|b n
|2 rdamedia
|
| 338 |
|
|
|a volume
|b nc
|2 rdacarrier
|
| 500 |
|
|
|a Includes index.
|
| 504 |
|
|
|a Bibliography: pages 253-254.
|
| 650 |
|
0 |
|a Sugar-free diet
|v Recipes.
|
| 650 |
|
0 |
|a Cooking (Fructose)
|
| 700 |
1 |
|
|a Jones, Jeanne.
|
| 999 |
|
|
|a MARS
|
| 999 |
f |
f |
|s 81233208-1fe3-3e6a-9fdd-7fe6811d8bdd
|i beb3ebc4-8af0-3c62-ab50-c76294b829e5
|t 0
|
| 952 |
f |
f |
|p ric
|a Texas A&M University
|b Rellis Campus
|c Joint Library Facility
|d Remote Storage
|t 0
|e RM237.85 .C66
|h Library of Congress classification
|i unmediated -- volume
|m A14805152524
|
| 998 |
f |
f |
|a RM237.85 .C66
|t 0
|l Remote Storage
|